000 00640nam a22001577a 4500
999 _c15844
_d15844
003 AR-CdUCM
008 190430b ||||| |||| 00| 0 spa d
040 _aMUNICIPALIDAD PROVINCIAL DEL CUSCO
_cBIBLIOTECA MUNICIPAL DEL CUSCO
082 _a323.85 /
_bT69
245 _aPasco :
_btoma de tierras y alternativa comunera /
260 _bCentro Nacional de Estudios y Asesoría Popular,
300 _a41 páginas ;
_c21 cm.
505 _aAgro nacional en crisis -- Las bases materiales de la lucha campesina en pasco -- El despliegue de la Acción Campesina -- Principios de la Alternativa Comunera.
942 _2ddc
_cFOLLETOS
945 _awfj